| 000 | 00000nam##2200000za#4500 |
| 001 | 9.575603 |
| 003 | CaOODSP |
| 005 | 20210624184737 |
| 007 | cr ||||||||||| |
| 008 | 150406|1999||||xxc|||||o f|0| 0 eng|d |
| 040 | |aCaOODSP|beng |
| 043 | |an-cn--- |
| 086 | 1 |aCS96-321/4-1999E-PDF |
| 245 | 00|aCanadian families at the approach of the year 2000 / |h[electronic resource]|c[by] Yves Péron et al. Co-published with ITP Nelson. |
| 260 | |aOttawa - Ontario : |bStatistics Canada |c1999. |
| 490 | 1 |a1991 Census monograph series|vNo. 4 |
| 500 | |aHistorical census publication digitized by Statistics Canada. |
| 590 | |a13-04-Supp|b2013-02-13 |
| 690 | 07|aCensus data|2gcpds |
| 690 | 07|aFamily|2gcpds |
| 710 | 2 |aStatistics Canada. |
| 775 | 08|tLes familles canadiennes à rapproche de l'an 2000 / |w(CaOODSP)9.605102 |
| 776 | 0#|tCanadian families at the approach of the year 2000 / |w(CaOODSP)9.614791 |
| 830 | #0|a1991 Census monograph series ;|vNo. 4|w(CaOODSP)9.507385 |
| 856 | 40|ahttp://publications.gc.ca|qPDF|s14.9 MB|uhttps://publications.gc.ca/collections/collection_2012/statcan/rh-hc/CS96-321-4-1999-eng.pdf|yNo. 4 |